header

Along these lines : writing paragraphs and essays / (Record no. 250726)

MARC details
000 -LEADER
fixed length control field 01596cam a2200373 a 4500
001 - CONTROL NUMBER
control field 15513512
003 - CONTROL NUMBER IDENTIFIER
control field OSt
005 - DATE AND TIME OF LATEST TRANSACTION
control field 20200616130958.0
008 - FIXED-LENGTH DATA ELEMENTS--GENERAL INFORMATION
fixed length control field 081106s2010 njua 001 0 eng
010 ## - LIBRARY OF CONGRESS CONTROL NUMBER
LC control number 2008048608
015 ## - NATIONAL BIBLIOGRAPHY NUMBER
National bibliography number GBA8D0841
Source bnb
016 7# - NATIONAL BIBLIOGRAPHIC AGENCY CONTROL NUMBER
Record control number 014821154
Source Uk
020 ## - INTERNATIONAL STANDARD BOOK NUMBER
International Standard Book Number 9780205649297
International Standard Book Number 0205649297
International Standard Book Number 9780205649310 (annotated instructor's ed.)
International Standard Book Number 0205649319 (annotated instructor's ed.)
035 ## - SYSTEM CONTROL NUMBER
System control number (OCoLC)ocn268789195
040 ## - CATALOGING SOURCE
Original cataloging agency DLC
Transcribing agency DLC
Modifying agency YDX
-- BTCTA
-- YDXCP
-- UKM
-- DLC
050 00 - LIBRARY OF CONGRESS CALL NUMBER
Classification number PE1408
Item number .B4933 2010
082 00 - DEWEY DECIMAL CLASSIFICATION NUMBER
Classification number 808/.042
Edition number 22
100 1# - MAIN ENTRY--PERSONAL NAME
Personal name Biays, John Sheridan.
245 10 - TITLE STATEMENT
Title Along these lines : writing paragraphs and essays /
Statement of responsibility, etc John Sheridan Biays, Carol Wershoven.
250 ## - EDITION STATEMENT
Edition statement 5th ed.
260 ## - PUBLICATION, DISTRIBUTION, ETC. (IMPRINT)
Place of publication, distribution, etc Upper Saddle River, NJ :
Name of publisher, distributor, etc Prentice Hall,
Date of publication, distribution, etc c2010.
300 ## - PHYSICAL DESCRIPTION
Extent xviii, 670 p. :
Other physical details ill. (chiefly col.) ;
Dimensions 28 cm.
500 ## - GENERAL NOTE
General note Includes index.
650 #0 - SUBJECT ADDED ENTRY--TOPICAL TERM
Topical term or geographic name as entry element English language
General subdivision Rhetoric
Form subdivision Problems, exercises, etc.
Topical term or geographic name as entry element English language
General subdivision Grammar
Form subdivision Problems, exercises, etc.
Topical term or geographic name as entry element Report writing
Form subdivision Problems, exercises, etc.
700 1# - ADDED ENTRY--PERSONAL NAME
Personal name Wershoven, Carol.
906 ## - LOCAL DATA ELEMENT F, LDF (RLIN)
a 7
b cbc
c orignew
d 1
e ecip
f 20
g y-gencatlg
942 ## - ADDED ENTRY ELEMENTS (KOHA)
Source of classification or shelving scheme Library of Congress Classification
Koha item type Long Loan Books
Holdings
Withdrawn status Lost status Source of classification or shelving scheme Damaged status Not for loan Collection code Home library Current library Shelving location Date acquired Total Checkouts Full call number Barcode Date last seen Price effective from Koha item type
    Library of Congress Classification     Non-fiction Rongo University Library Rongo University Library General Stacks 15/10/2015   PE1408 .B4933 2010 20155113 15/10/2015 15/10/2015 Long Loan Books
    Library of Congress Classification       Rongo University Library Rongo University Library   12/02/2016   PE1408 .B4933 2010 20169812 12/02/2016 12/02/2016 Long Loan Books
    Library of Congress Classification       Rongo University Library Rongo University Library   12/05/2016   PE1408 .B4933 2010 201611915 12/05/2016 12/05/2016 Long Loan Books
    Library of Congress Classification     Non-fiction Rongo University Library Rongo University Library General Stacks 07/03/2017   PE1408 .B4933 2010 201615047 07/03/2017 07/03/2017 Long Loan Books
    Library of Congress Classification     Non-fiction Rongo University Library Rongo University Library General Stacks 24/05/2017   PE1408 .B4933 2010 20154662 24/05/2017 24/05/2017 Long Loan Books
    Library of Congress Classification     Non-fiction Rongo University Library Rongo University Library General Stacks 16/06/2020   PE1408 .B4933 2010 201901984 16/06/2020 16/06/2020 Long Loan Books

© 2026 Rongo University
Contact us: librarian | system librarian | Rongo university